| 000 | 00681nam a2200217 i 4500 | ||
|---|---|---|---|
| 001 | 91809 | ||
| 003 | ES-MaACL | ||
| 005 | 20230906180824.0 | ||
| 007 | t| | ||
| 008 | 050217s1998 sp ||||1| spa d | ||
| 020 | _a84-605-7212-9 | ||
| 080 | _a821.134.2-14"19" | ||
| 080 | _a914.602.53 Santa Amalia (0:82) | ||
| 100 | 1 |
_aCerrato Martín-Romo, Antonia. _937564 |
|
| 245 | 1 | 0 |
_aSanta Amalia, ayer y siempre 1995-1997 / _cAntonia Cerrato Martín-Romo. |
| 250 | _a2ª ed. | ||
| 260 |
_a[Badajoz] : _bAntonia Cerrato Martín-Romo, _c[1998] |
||
| 300 |
_a109 p. : _bil. ; _c22 cm. |
||
| 651 | 4 |
_aSanta Amalia (Badajoz)- _vPoesías. _99363 |
|
| 852 |
_aES-MaACL _jL-28847 _bR.135238 |
||
| 999 |
_c91809 _d91809 |
||